000 00752nam a2200229 a 4500
003 PILC
005 20150112093439.0
008 100722s19uu xx 00 eng d
020 _a15578516374
050 _aHD 57.7
_b.H388 2001
082 _aMnSF 658.4092
_bH26 2001
100 _aHarvard Business School Press
_915191
245 _aHarvard business review on waht makes a Leader /
_cHarvard Business School Press
260 _aBoston, Massachusetts :
_bHavard Business School Publishing,
_c2001.
300 _a210 pages :
_c19 cm.
440 _aHarvard Business Review Series
_915045
650 _aLeaderhip
_917639
650 _aExecutive ability
_9551
650 _aIndustrial management
_9441
650 _aManagement
_9446
942 _2lcc
_cBK
999 _c14684
_d14684